Przejdź do treści

Экспериментальная деятельность как средство развития познавательной самостоятельности у обучающихся на уроках математики учебно-методическое пособие для студ. высш. учеб. заведений

В учебно-методическом пособии приводится опыт совместной деятельности ФГБОУ ВО «УлГПУ им. И. Н. Ульянова» и педагогического коллектива муниципального бюджетного образовательного учреждения «Октябрьская средняя школа» МО «Радищевский район» по использованию экспериментальной деятельности как средства...

Szczegółowa specyfikacja

Zapisane w:
Opis bibliograficzny
1. autor: Волик Т. Г.
Kolejni autorzy: Романова Н. Н., Спирина Е. В.
Format: Книга
Język:Russian
Wydane: Ульяновск УлГПУ им. И.Н. Ульянова 2024
Dostęp online:https://e.lanbook.com/book/504367
https://e.lanbook.com/img/cover/book/504367.jpg
Etykiety: Dodaj etykietę
Nie ma etykietki, Dołącz pierwszą etykiete!
LEADER 02603nam0a2200289 i 4500
001 504367
003 RuSpLAN
005 20250808145958.0
008 250808s2024 ru gs 000 0 rus
040 |a RuSpLAN 
041 0 |a rus 
044 |a ru 
080 |a 37.033:372.8:57 
084 |a 74.200.50+74.262.8  |2 rubbk 
245 0 0 |a Экспериментальная деятельность как средство развития познавательной самостоятельности у обучающихся на уроках математики  |b учебно-методическое пособие для студ. высш. учеб. заведений  |c Волик Т. Г.,Романова Н. Н.,Спирина Е. В. 
260 |a Ульяновск  |b УлГПУ им. И.Н. Ульянова  |c 2024 
300 |a 54 с. 
504 |a Библиогр.: доступна в карточке книги, на сайте ЭБС Лань 
520 8 |a В учебно-методическом пособии приводится опыт совместной деятельности ФГБОУ ВО «УлГПУ им. И. Н. Ульянова» и педагогического коллектива муниципального бюджетного образовательного учреждения «Октябрьская средняя школа» МО «Радищевский район» по использованию экспериментальной деятельности как средства развития познавательной самостоятельности обучающихся. Представлены практические и лабораторные работы, способствующие развитию познавательной самостоятельности у обучающихся, закладывающие основы функциональной грамотности. Предназначено для учителей общеобразовательных организаций, методистов, слушателей курсов повышения квалификации. 
521 8 |a Книга из коллекции УлГПУ им. И.Н. Ульянова - Психология. Педагогика 
521 8 |a СЭБ 
100 1 |a Волик Т. Г. 
700 1 |a Романова Н. Н. 
700 1 |a Спирина Е. В. 
856 4 |u https://e.lanbook.com/book/504367 
856 4 8 |u https://e.lanbook.com/img/cover/book/504367.jpg 
953 |a https://e.lanbook.com/img/cover/book/504367.jpg